Allocating social housing (Record no. 110896)

MARC details
000 -LEADER
fixed length control field 01134cad a22002055a 4500
001 - CONTROL NUMBER
control field L150510
008 - FIXED-LENGTH DATA ELEMENTS--GENERAL INFORMATION
fixed length control field 100721s2010 xxk f 000 0 eng d
035 ## - SYSTEM CONTROL NUMBER
System control number (Sirsi) u150510
041 0# - LANGUAGE CODE
Language code of text/sound track or separate title eng
100 1# - MAIN ENTRY--PERSONAL NAME
Personal name Thornhill, John
245 00 - TITLE STATEMENT
Title Allocating social housing
Remainder of title opportunities and challenges
Medium [electronic resource]
260 ## - PUBLICATION, DISTRIBUTION, ETC.
Place of publication, distribution, etc. London
Name of publisher, distributor, etc. Chartered Institute of Housing
Date of publication, distribution, etc. 2010
505 2# - FORMATTED CONTENTS NOTE
Formatted contents note Summary of challenges and options -- What is social housing and what is if for -- What are the challenges to the way in which social housing is allocated -- How does social housing work in other countries -- Options rethinking allocations in a wider context -- Aspirations for approaches to allocations
520 ## - SUMMARY, ETC.
Summary, etc. Allocation of social housing from the UK and global perspective. Defines social housing, identifies challenges to its provisions. Discussion document.
590 ## - LOCAL NOTE (RLIN)
Local note KA
651 #4 - SUBJECT ADDED ENTRY--GEOGRAPHIC NAME
Geographic name ENGLAND AND WALES
690 ## - LOCAL SUBJECT ADDED ENTRY--TOPICAL TERM (OCLC, RLIN)
Topical term or geographic name as entry element PROPERTY-RESIDENTIAL PROPERTY-DOMESTIC RESIDENTIAL PROPERTY-HOUSING
856 48 - ELECTRONIC LOCATION AND ACCESS
Uniform Resource Identifier <a href="https://www.cih.org/policy/AllocatingSocialHousing-Jul10.pdf">https://www.cih.org/policy/AllocatingSocialHousing-Jul10.pdf</a>
Public note View this item free of charge at www.cih.org
942 ## - ADDED ENTRY ELEMENTS (KOHA)
Suppress in OPAC 0
Holdings
Withdrawn status Lost status Source of classification or shelving scheme Damaged status Not for loan Home library Current library Shelving location Date acquired Total Checkouts Full call number Barcode Date last seen Copy number Price effective from Koha item type
    Dewey Decimal Classification     Virtual Virtual Online 21/07/2010   ONLINE PUBLICATION 150510-2001 06/08/2019 1 06/08/2019 Book